| 000 | 00789na a2200277 4500 | ||
|---|---|---|---|
| 001 | 17220 | ||
| 003 | MIRAKIL | ||
| 005 | 20181213155113.0 | ||
| 008 | 161023b tu 000 0 | ||
| 020 | _a9756037202 | ||
| 035 | _a17220 | ||
| 040 |
_aMilas _btur _cTR-AnCHP |
||
| 041 | _atur | ||
| 082 |
_a344.01891 _bD35s 2006 |
||
| 090 | _a344.01891 D35s 2006 | ||
| 100 |
_aDemir, Fevzi _d1947- |
||
| 245 |
_aSorularla bireysel iş hukuku _cFevzi Demir |
||
| 260 |
_aAnkara _bTürkiye Barolar Birliği _c2006 |
||
| 300 |
_axxii, 605 s. _c20 sm. |
||
| 440 |
_aTürkiye Barolar Birliği yayınları _v98 |
||
| 490 |
_aSorularla Hukuk dizisi _v2 |
||
| 504 | _aKaynakça ve dizin var. | ||
| 650 |
_aİş sözleşmeleri _zTürkiye |
||
| 650 |
_aİş hukuku _zTürkiye |
||
| 942 |
_2ddc _cBKS |
||
| 999 |
_c6609 _d6609 |
||